Salvar países de un robo - Estadísticas

Estadísticas generales
  • Esta prueba ha sido intentada 553 veces
  • La puntuación promedio es 7 de 10
Respuestas en el mapa
Las respuestas están codificadas por una escala verde-roja en el mapa de la prueba según el % correcto abajo.
 
Estadísticas de respuestas
país % Correcto
Australia
94%
México
94%
España
88%
Italia
83%
Japón
75%
Madagascar
62%
Pakistán
57%
Papua Nueva Guinea
55%
Islandia
53%
Uganda
39%
No se encontraron pruebas coincidentes
Distribución de puntuación
Porcentaje de gente con cada puntuación
Porcentaje por número respondido
Historial de tus puntuaciones
No has intentado esta prueba.